000 00407nam a2200133Ia 4500
008 191206s9999 xx 000 0 und d
090 _aDK131.S88
245 0 _aPeter the Great and the emergence of Russia
260 _aMacmillan
260 _bTeach yourself history library
260 _cc1951
300 _a"vii, 216 p. port., maps (on lining papers) geneal."
999 _c16673
_d16673